[Event "TCh-CAT Div Hon"]
[Site "Barcelona ESP"]
[Date "2011.02.12"]
[Round "3"]
[White "Vehi Bach,V"]
[Black "Pares Vives,N"]
[Result "1-0"]
[WhiteElo "2408"]
[BlackElo "2269"]

1.e4 g6 2.d4 Bg7 3.Nc3 d6 4.Be3 Nc6 5.Qd2 Nf6 6.f3 O-O 7.O-O-O e5 8.Nge2 a6
9.g4 b5 10.d5 Na5 11.Ng3 b4 12.Nb1 Rb8 13.h4 c6 14.dxc6 b3 15.cxb3 Nxc6 16.Qxd6 Qa5
17.Nc3 Bxg4 18.fxg4 Nxg4 19.Qc5 Bh6 20.Qxa5 Bxe3+ 21.Kb1 Nxa5 22.Rd6 Bf2
23.Be2 Nb7 24.Rxa6 Ne3 25.Nf1 Nxf1 26.Bxf1 Nc5 27.Rc6 Rfd8 28.Bc4 Rb7 29.Rf1 Bd4
30.Bd5 Rdd7 31.Rc8+ Kg7 32.Bxb7 Rxb7 33.Rd1 f5 34.exf5 gxf5 35.Rxd4 Nxb3
36.Rd5  1-0

[Event "TCh-CAT Div Hon"]
[Site "Barcelona ESP"]
[Date "2011.02.12"]
[Round "3"]
[White "Magem Badals,J"]
[Black "Munoz Pantoja,M"]
[Result "1/2-1/2"]
[WhiteElo "2573"]
[BlackElo "2507"]

1.e4 g6 2.d4 Bg7 3.Nc3 d6 4.Be3 c6 5.Qd2 Nd7 6.Nf3 Qc7 7.Bd3 b5 8.O-O Bb7
9.Ne2 Ngf6 10.Ng3 Ng4 11.Bg5 h6 12.Bh4 e5 13.h3 Ngf6 14.dxe5 dxe5 15.a4 a6
16.Qc3 Rc8 17.Nd2 O-O 18.Ne2 Rfe8 19.f3  1/2-1/2

[Event "TCh-NED"]
[Site "Netherlands NED"]
[Date "2011.02.12"]
[Round "6.2"]
[White "Smeets,J"]
[Black "Siebrecht,S"]
[Result "1-0"]
[WhiteElo "2669"]
[BlackElo "2421"]

1.e4 g6 2.d4 Bg7 3.Nc3 d6 4.f4 a6 5.Nf3 Nd7 6.Be3 b5 7.e5 Bb7 8.Bd3 c5 9.Be4 Bxe4
10.Nxe4 Nh6 11.dxc5 Ng4 12.Bg1 dxe5 13.h3 Nh6 14.c6 Nf6 15.Qxd8+ Kxd8 16.Bb6+ Kc8
17.Nxf6 exf6 18.O-O-O a5 19.Rd5 Ra6 20.Rxb5 Nf5 21.Rd1 e4 22.Ng1 Bh6 23.Ne2 Ng3
24.Kd2 Nxe2 25.Kxe2 Bxf4 26.Rd7 Rf8 27.a4 f5 28.Rb7 h5 29.Rxa5 Rxa5 30.Bxa5 g5
31.Bb6 g4 32.hxg4 Rg8 33.Ra7 Kb8 34.c7+ Bxc7 35.Rxc7 Rxg4 36.Kf1 e3 37.a5 Rb4
38.b3 h4 39.Rxf7 Rf4+ 40.Ke1  1-0

[Event "60th ch-BUL w"]
[Site "Plovdiv BUL"]
[Date "2011.02.12"]
[Round "6"]
[White "Krumova,A"]
[Black "Sirkova,D"]
[Result "1/2-1/2"]
[WhiteElo "1885"]
[BlackElo "2102"]

1.e4 g6 2.d4 Bg7 3.Nc3 d6 4.Be3 Nd7 5.Bd3 Ngf6 6.f3 O-O 7.Nge2 a6 8.a4 c5
9.a5 Qc7 10.Ng3 h5 11.O-O e6 12.Na4 cxd4 13.Bxd4 e5 14.Be3 Nc5 15.Nb6 Rb8
16.Bc4 Be6 17.Qe2 h4 18.Nh1 Nh5 19.Rfd1 Nf4 20.Qf1 Rbd8 21.Nf2 Qe7 22.b4 Bxc4
23.Qxc4 Nce6 24.Ra3 Qg5 25.Ng4 Rfe8 26.g3 hxg3 27.hxg3 f5 28.exf5 gxf5 29.gxf4 exf4
30.Bxf4 Qxf4 31.Qxf4 Nxf4 32.Ne3 Ne2+ 33.Kf2 Nd4 34.f4 Re4 35.Nbd5 Rde8 36.Rg1 Kf7
37.Ra2 Ne6 38.Nxf5 Bf8 39.c3 Nxf4 40.Nfe3 Nh3+ 41.Kf1 Nxg1 42.Rf2+ Ke6 43.Kxg1 Be7
44.Rg2 Kd7 45.Rg7 Kc6 46.c4 Bd8 47.Kf2 Rxc4 48.Nxc4 Kxd5 49.Ne3+ Kc6 50.Ke2 b6
51.Kd3 bxa5 52.bxa5 Bxa5 53.Nc4 Bc7 54.Rg5 Rh8 55.Rg6 Rb8 56.Kc3 a5 57.Nb2 Rb4
58.Nc4 Kc5 59.Rg5+ d5 60.Ne3 Rd4 61.Nc2 Rc4+ 62.Kd3 Bf4 63.Rg8 Be5 64.Rc8+  1/2-1/2

[Event "TCh-FIN 2010-11"]
[Site "Tampere FIN"]
[Date "2011.02.12"]
[Round "6.8"]
[White "Koykka,P"]
[Black "Tusa,T"]
[Result "1-0"]
[WhiteElo "2162"]
[BlackElo "2195"]

1.e4 g6 2.d4 Bg7 3.Nc3 d6 4.Be3 a6 5.Qd2 Nd7 6.Nf3 b5 7.a4 b4 8.Ne2 a5 9.c3 c5
10.Ng3 Ba6 11.Bxa6 bxc3 12.bxc3 Rxa6 13.O-O Qc7 14.Rab1 Ngf6 15.Rb5 O-O 16.Rfb1 Rb6
17.dxc5 Rxb5 18.Rxb5 Nxc5 19.Bxc5 dxc5 20.c4 Rd8 21.Qe1 Ra8 22.e5 Ne8 23.Ne4 Qc6
24.h3 f5 25.exf6 exf6 26.Nxc5 Nc7 27.Rxa5 Re8 28.Qd2 Bf8 29.Qd7 Qb6 30.Rb5 Nxb5
31.Qxe8 Nc7 32.Qxf8+  1-0

[Event "G-TEAM Open"]
[Site "Novy Bor CZE"]
[Date "2011.02.13"]
[Round "2"]
[White "Cukrowski,F"]
[Black "Latas,B"]
[Result "1-0"]
[WhiteElo "2023"]
[BlackElo "2285"]

1.e4 g6 2.d4 Bg7 3.Nc3 d6 4.f4 a6 5.Nf3 Bg4 6.Be3 Nd7 7.h3 Bxf3 8.Qxf3 c5
9.Qf2 Rc8 10.Be2 Qb6 11.O-O-O cxd4 12.Bxd4 Bxd4 13.Qxd4 Qxd4 14.Rxd4 Ngf6
15.Rhd1 Kf8 16.e5 Ne8 17.Ne4 Nc5 18.exd6 Nxd6 19.Nxd6 exd6 20.Rxd6 Kg7 21.Bf3 Rc7
22.g4 Re8 23.f5 Re3 24.f6+ Kh6 25.Rf1 Kg5 26.Bd1 Rd7 27.Rxd7 Nxd7 28.Bf3 Nxf6
29.Bxb7 Rxh3 30.Bxa6 Nxg4 31.Rxf7 h5 32.a4 h4 33.Bb7 Rg3 34.a5 Ne5 35.Rf1 Rg4
36.b3 h3 37.a6 Nd7 38.a7 Nb6 39.a8=Q Nxa8 40.Bxa8 h2 41.Bh1 Rg1 42.Rd1 Kf4
43.Kd2 g5 44.Ke2 Ke5 45.Re1 Kd4 46.Kf2 Rg4 47.Bf3 Rh4 48.c4 Kc3 49.c5 Rf4
50.Kg3 Kd2 51.Re2+ Kd3 52.Rxh2  1-0

[Event "ch-ROU Men"]
[Site "Sarata Monteoru ROU"]
[Date "2011.02.13"]
[Round "2.40"]
[White "Tiron,L"]
[Black "Marinescu,S"]
[Result "1/2-1/2"]
[WhiteElo "1818"]
[BlackElo "1957"]

1.e4 g6 2.d4 Bg7 3.Nc3 d6 4.Be3 Nd7 5.Bd3 e5 6.dxe5 Nxe5 7.h3 Be6 8.Qe2 Ne7
9.Nf3 Nxf3+ 10.Qxf3 O-O 11.O-O c6 12.Ne2 f5 13.Bd4 fxe4 14.Qxe4 Bf5 15.Qe3 Nd5
16.Bc4 Re8 17.Qd2 Be6  1/2-1/2

[Event "ch-St Petersburg S/F 2011"]
[Site "St Petersburg RUS"]
[Date "2011.02.13"]
[Round "3.19"]
[White "Nedostup,D"]
[Black "Androsov,S"]
[Result "1-0"]
[WhiteElo "2037"]
[BlackElo "2112"]

1.e4 g6 2.d4 Bg7 3.Nc3 d6 4.Be3 Nf6 5.f3 O-O 6.Qd2 Nc6 7.O-O-O e5 8.d5 Ne7
9.g4 h5 10.h3 a6 11.Bh6 Kh7 12.Bg5 Rg8 13.Nge2 Qf8 14.Ng3 Bh6 15.Bxh6 Qxh6
16.g5 Qg7 17.gxf6 Qxf6 18.Be2 b5 19.Rdg1 b4 20.Nd1 c5 21.Ne3 Bd7 22.Ng4 Bxg4
23.hxg4 h4 24.g5 Qf4 25.Qxf4 exf4 26.Rxh4+ Kg7 27.Rxf4 Rh8 28.Rg4  1-0

[Event "ch-ROU Men"]
[Site "Sarata Monteoru ROU"]
[Date "2011.02.14"]
[Round "3.22"]
[White "Petrisor,A"]
[Black "Dan,Cr"]
[Result "1-0"]
[WhiteElo "2386"]
[BlackElo "1983"]

1.e4 g6 2.d4 Bg7 3.Nc3 d6 4.Be3 Nf6 5.f3 O-O 6.Qd2 c6 7.Nge2 Nbd7 8.g4 Nb6
9.Ng3 e5 10.O-O-O Nfd7 11.h4 exd4 12.Bxd4 Ne5 13.Qf2 Qf6 14.Be2 c5 15.Be3 Nec4
16.Bxc4 Nxc4 17.Bg5 Qe6 18.Nf5 Bxc3 19.bxc3 gxf5 20.gxf5 Qe5 21.Rhg1 Kh8
22.Bh6 Bd7 23.Bg7+ Qxg7 24.Rxg7 Kxg7 25.f4 f6 26.h5 Kh8 27.h6 Rg8 28.e5 Bxf5
29.exd6 Bd7 30.Qxc5 b5 31.Re1 Rg2 32.Qd4 Rf8 33.Qe4 Rg6 34.Qe7 Re8 35.Qxe8+ Bxe8
36.Rxe8+ Rg8 37.d7 Nb6 38.Rxg8+ Kxg8 39.d8=Q+ Kf7 40.Qc7+ Kg6 41.Qg7+ Kh5
42.Qxh7  1-0

[Event "ch-St Petersburg S/F 2011"]
[Site "St Petersburg RUS"]
[Date "2011.02.14"]
[Round "4.17"]
[White "Sheynin,I"]
[Black "Shpartko,G"]
[Result "1/2-1/2"]
[WhiteElo "2120"]
[BlackElo "2064"]

1.e4 d6 2.d4 g6 3.Nc3 Bg7 4.f4 Nf6 5.Nf3 O-O 6.Bd3 Nc6 7.e5 dxe5 8.fxe5 Nd5
9.Nxd5 Qxd5 10.c3 f6 11.Qe2 Kh8 12.Bc4 Qd8 13.exf6 exf6 14.O-O b6 15.Bf4 Re8
16.Qd2 Na5 17.Bb5 c6 18.Bd3 Be6 19.b3 Bd5 20.Bh6 Qd7 21.Bxg7+ Kxg7 22.Qf4 g5
23.Qd2 Nb7 24.Rae1 Bxf3 25.Rxf3 Rxe1+ 26.Qxe1 Re8 27.Qf2 Qe7 28.h3 Nd6 29.Kh2 Ne4
30.Bxe4 Qd6+ 31.Qg3 Qxg3+ 32.Kxg3 Rxe4  1/2-1/2

[Event "FSIM February"]
[Site "Budapest HUN"]
[Date "2011.02.15"]
[Round "11"]
[White "Korpa,B"]
[Black "Nagy,Ervin1"]
[Result "1/2-1/2"]
[WhiteElo "2165"]
[BlackElo "2269"]

1.e4 g6 2.d4 Bg7 3.Nc3 d6 4.g3 e5 5.Be3 Nc6 6.dxe5 Nxe5 7.h3 Nf6 8.f4 Nc6
9.Bg2 O-O 10.Nge2 Re8 11.Qd2 Qe7 12.O-O Bf5 13.exf5 Qxe3+ 14.Qxe3 Rxe3 15.fxg6 hxg6
16.Kf2 Rae8 17.Bf3 d5 18.Rad1 Nb4 19.a3 Na6 20.Bxd5 Nxd5 21.Rxd5 Bf8 22.b4 c5
23.b5 Nc7 24.Rd3 R3e6 25.Re1 c4 26.Rd7 Bc5+ 27.Kf1 Bb6 28.a4 Re3 29.Ra1 Rf3+
30.Kg2 Rf2+ 31.Kh1 Ba5 32.Rb1 Rc8 33.Kg1 Rf3 34.Ne4 Re3 35.Nd6 Rb8 36.Nxc4 Rxe2
37.Nxa5 Rxc2 38.Re1 Ne6 39.Nxb7 Rbc8 40.Nd6 R8c3 41.Ne4 Ra3 42.Rxa7 Nd4 43.Rb1 Ne2+
44.Kh1 Nxg3+ 45.Nxg3 Rxg3 46.Rd1 Rxh3+ 47.Kg1 Rg3+ 48.Kf1 Rh3 49.Kg1 Rg3+  1/2-1/2

[Event "ch-ROU Women"]
[Site "Sarata Monteoru ROU"]
[Date "2011.02.15"]
[Round "4.1"]
[White "Bulmaga,I"]
[Black "Foisor,C"]
[Result "1/2-1/2"]
[WhiteElo "2260"]
[BlackElo "2405"]

1.e4 g6 2.Nc3 Bg7 3.d4 d6 4.Be3 a6 5.Nf3 Nd7 6.Qd2 h6 7.Bd3 e6 8.a4 b6 9.O-O Bb7
10.Rfe1 Ne7 11.Ne2 Nf6 12.Ng3 Ng4 13.c3 Qd7 14.Bc2 Nxe3 15.Qxe3 O-O 16.h4 Rae8
17.e5 Nf5 18.Nxf5 exf5 19.Bb3 Qd8 20.Qf4 Bxf3 21.gxf3 h5 22.exd6 Qxd6 23.Qxd6 cxd6
24.Kg2 Bf6 25.Kh3 a5 26.Bd5 Kg7 27.f4 Rc8 28.Re2 Rc7 29.Rae1 Rcc8 30.Bb7 Rb8
31.Bc6 Rfd8 32.Re8 Rbc8 33.Rxd8 Rxd8 34.Re8  1/2-1/2

[Event "ch-POL"]
[Site "Warsaw POL"]
[Date "2011.02.16"]
[Round "5"]
[White "Mista,A"]
[Black "Markowski,T"]
[Result "1-0"]
[WhiteElo "2565"]
[BlackElo "2625"]

1.e4 d6 2.d4 g6 3.Nc3 Bg7 4.f4 Nf6 5.Nf3 O-O 6.Bd3 Nc6 7.e5 dxe5 8.fxe5 Nh5
9.Be3 Bg4 10.Be2 f6 11.exf6 exf6 12.O-O Re8 13.Qd2 Qd6 14.Nb5 Qd7 15.d5 Bxf3
16.Rxf3 Ne5 17.Rh3 a6 18.Nc3 Ng4 19.Bd4 Bh6 20.Bxg4 Qxg4 21.Qf2 Bg5 22.Rf3 Qd7
23.Rf1 Re7 24.h4 Bh6 25.d6 Re6 26.dxc7 Rd6 27.Be3 Bg7 28.Ne4 Rd5 29.Nc3 Rd6
30.Bc5 Rd2 31.Qxd2 Qxd2 32.Rd1 Qxd1+ 33.Nxd1  1-0

[Event "ch-ROU Men"]
[Site "Sarata Monteoru ROU"]
[Date "2011.02.17"]
[Round "7.39"]
[White "Condurat,F"]
[Black "Dan,Cr"]
[Result "0-1"]
[WhiteElo "1759"]
[BlackElo "1983"]

1.e4 g6 2.d4 Bg7 3.Nc3 d6 4.Nf3 Nf6 5.h3 O-O 6.Be3 e5 7.Qd2 Nc6 8.O-O-O Re8
9.Bd3 exd4 10.Nxd4 Nd7 11.Bb5 Ne7 12.h4 a6 13.Bxd7 Bxd7 14.h5 Bg4 15.f3 Bd7
16.hxg6 fxg6 17.g4 Nc6 18.Qh2 Kf7 19.g5 Ne5 20.Qf4+ Kg8 21.Qh4 Kf7 22.f4 Nc4
23.Bg1 c5 24.f5 cxd4 25.fxg6+ hxg6 26.Rf1+ Bf5 27.Nd5 Rh8 28.Qxh8 Bxh8 29.exf5 Qxg5+
30.Kb1 Nd2+  0-1

[Event "ch-ROU Men"]
[Site "Sarata Monteoru ROU"]
[Date "2011.02.17"]
[Round "7.14"]
[White "Baratosi,D"]
[Black "Baciu,S"]
[Result "1-0"]
[WhiteElo "2372"]
[BlackElo "2236"]

1.e4 g6 2.d4 Bg7 3.Nc3 d6 4.Be3 c6 5.Nf3 Nf6 6.h3 Qa5 7.Nd2 Nbd7 8.a4 O-O
9.Be2 Qc7 10.g4 e5 11.dxe5 dxe5 12.g5 Ne8 13.h4 Qd8 14.h5 Qe7 15.hxg6 hxg6
16.Bc4 Nc7 17.Qf3 Re8 18.O-O-O Ne6 19.Rh2 Ndf8 20.Rdh1 Nf4 21.Bxf4 exf4 22.Qxf4 Be6
23.e5 Bxc4 24.Nxc4 Ne6 25.Qf6  1-0

[Event "ch-ROU Men"]
[Site "Sarata Monteoru ROU"]
[Date "2011.02.17"]
[Round "8.42"]
[White "Tiron,C"]
[Black "Pavel,Se"]
[Result "1/2-1/2"]
[WhiteElo "1736"]
[BlackElo "1897"]

1.e4 d6 2.d4 g6 3.Nc3 Bg7 4.Bc4 Nf6 5.Nge2 c6 6.f3 b5 7.Bb3 Bb7 8.O-O O-O
9.Be3 Nbd7 10.Qc1 Re8 11.a3 a6 12.Rd1 Qc7 13.g4 c5 14.Ng3 cxd4 15.Bxd4 Nc5
16.Ba2 Ne6 17.Be3 Rac8 18.Qd2 Nd7 19.Nge2 Nb6 20.Kg2 Nc4 21.Bxc4 Qxc4 22.Nd4 d5
23.exd5 Bxd5 24.Nxd5 Qxd5 25.c3 Nxd4 26.Bxd4 e5 27.Be3 Qe6 28.Qd5 e4 29.Qxe6 Rxe6
30.fxe4 Rxe4 31.Kf3 Rce8 32.Bf2 Re2 33.Re1 Rxe1 34.Rxe1 Rxe1 35.Bxe1 f5 36.gxf5 gxf5
37.b3 Kf7 38.c4 bxc4 39.bxc4 Ke6 40.h3 Bb2 41.a4 Ke5 42.Bf2 Bc1 43.Bg1 Bd2
44.Bf2 Bc3 45.Bb6  1/2-1/2

[Event "16th Lienz-Open 2011"]
[Site "Lienz AUT"]
[Date "2011.02.18"]
[Round "8"]
[White "Wertjanz,Dav"]
[Black "Dimitrov,At"]
[Result "0-1"]
[WhiteElo "2201"]
[BlackElo "2355"]

1.e4 g6 2.d4 Bg7 3.Nc3 d6 4.Nf3 a6 5.a4 Nf6 6.Be2 O-O 7.O-O Nc6 8.Be3 e5
9.d5 Ne7 10.Qd2 Ng4 11.Bg5 h6 12.Bh4 f5 13.exf5 gxf5 14.Ne1 Nf6 15.f4 Ng6
16.fxe5 Nxh4 17.exf6 Qxf6 18.Nf3 Bd7 19.Kh1 Rae8 20.Rae1 Nxf3 21.Rxf3 Qg5
22.Qd3 Re5 23.Ref1 Rfe8 24.Qc4 b5 25.Qxc7 Rxe2 26.Nxe2 Rxe2 27.Rg3 Qe7 28.h3 Kh7
29.axb5 axb5 30.b4 Be8 31.Qc8 Bd7 32.Qc7 f4 33.Rxf4 Re1+ 34.Kh2 Be5 35.Rgf3 Re4
36.g3 Bxf4 37.Rxf4 Re2+ 38.Kh1 Re1+ 39.Kg2 Bxh3+  0-1

[Event "ch-ROU Men"]
[Site "Sarata Monteoru ROU"]
[Date "2011.02.18"]
[Round "9.3"]
[White "Berescu,A"]
[Black "Manolache,M"]
[Result "1/2-1/2"]
[WhiteElo "2476"]
[BlackElo "2544"]

1.e4 g6 2.d4 d6 3.Nc3 Bg7 4.f4 a6 5.Nf3 b5 6.Bd3 Bb7 7.O-O Nd7 8.e5 e6 9.Ne4 Nb6
10.Qe2 Ne7 11.c3 Qd7 12.b3 Rb8 13.Bd2 Bxe4 14.Qxe4 O-O 15.Rad1 Rfd8 16.Bb1 Nbd5
17.Rc1 c5 18.dxc5 Qa7 19.Kh1 Qxc5 20.c4 bxc4 21.bxc4 Nb4 22.Be3 Qa5 23.exd6 Rxd6
24.c5 Rd5 25.Qc4 Nbc6 26.Be4 Rb4 27.Bxd5 Nxd5 28.Qd3 Qxa2 29.Bd2 Rb3 30.Qc4 Rb2
31.Qd3 Bf6 32.Ra1 Rb3 33.Rxa2 Rxd3 34.Rxa6 Nd4 35.Nxd4 Bxd4 36.Ra2 Bxc5 37.g3 h5
38.Kg2 h4 39.Kh3 hxg3 40.hxg3 Bd4 41.Bc1 Rb3 42.Ra3 Rb5 43.Rd3 Bf6 44.Bd2 Rb2
45.g4 g5 46.Kg3 gxf4+ 47.Bxf4 Rb5 48.Rfd1 Kh7 49.Kf3 Kg6 50.Be3 Be5 51.Rh1 Nxe3
52.Rxe3 Bf6 53.Ra3 Rb4 54.Rh5 Bg5 55.Rh8 Kf6 56.Rha8 Rb1 57.R8a7 Rb4 58.Rd7 Kg6
59.Raa7 Rf4+ 60.Kg3 Rf1 61.Kg2 Rf4 62.Kg3 Rf6 63.Ra4 Be3 64.Rb4 Bf2+ 65.Kg2 Be1
66.Re4 Bh4 67.Ra4 Rf2+ 68.Kh3 Bf6 69.Kg3 Rb2 70.Raa7 Be5+ 71.Kf3 Rc2 72.Rxf7 Bd4
73.Rad7 Rf2+ 74.Ke4 Rxf7 75.Rxf7 Kxf7 76.Kxd4 Kg6 77.Ke5 Kg5 78.Kxe6  1/2-1/2

[Event "TCh-CAT Div Hon"]
[Site "Barcelona ESP"]
[Date "2011.02.19"]
[Round "4.2"]
[White "Cuartas,Ja"]
[Black "Moreno Sanchis,JA"]
[Result "1/2-1/2"]
[WhiteElo "2537"]
[BlackElo "2291"]

1.e4 g6 2.d4 Bg7 3.Nc3 d6 4.Be2 a6 5.a4 Nc6 6.d5 Nd4 7.Bc4 e5 8.dxe6 Bxe6
9.Bxe6 Nxe6 10.Nge2 Ne7 11.O-O O-O 12.Qd3 Nc6 13.Bf4 Nb4 14.Qd1 Nc5 15.Be3 Re8
16.Bxc5 dxc5 17.Qc1 Qe7 18.e5 f6 19.Ne4 Rad8  1/2-1/2

[Event "TCh-CAT Div Hon"]
[Site "Barcelona ESP"]
[Date "2011.02.19"]
[Round "4.1"]
[White "Rodriguez Vargas,O"]
[Black "Movsziszian,K"]
[Result "0-1"]
[WhiteElo "2419"]
[BlackElo "2501"]

1.d4 d6 2.e4 g6 3.Nc3 Bg7 4.Be3 a6 5.a4 Nf6 6.h3 O-O 7.Nf3 Nc6 8.d5 Nb4 9.Be2 c5
10.O-O e6 11.dxe6 Bxe6 12.e5 Nfd5 13.Bg5 Qb6 14.Ne4 dxe5 15.a5 Qc7 16.c3 f5
17.cxb4 fxe4 18.Nd2 h6 19.Bh4 Nxb4 20.Nxe4 Rf4  0-1

[Event "4NCL 2010-11"]
[Site "Reading ENG"]
[Date "2011.02.19"]
[Round "5.13"]
[White "Weaving,Richard"]
[Black "Pein,M"]
[Result "1-0"]
[WhiteElo "2027"]
[BlackElo "2390"]

1.e4 d6 2.d4 g6 3.Nc3 Bg7 4.f4 c6 5.Nf3 Bg4 6.Be3 Qb6 7.Rb1 Bxf3 8.Qxf3 Bxd4
9.Na4 Qb4+ 10.c3 Qxa4 11.Bxd4 f6 12.Bd3 Nd7 13.O-O e5 14.fxe5 dxe5 15.Be3 O-O-O
16.b3 Qa5 17.b4 Qa4 18.Bc4 Ne7 19.Bb3 Qa6 20.a4 c5 21.bxc5 Nb8 22.Qh3+ Kc7
23.Qh4 Nd7 24.Rbd1 Qa5 25.Qf2 f5 26.Bg5 Rhe8 27.Bf7 Rf8 28.Rxd7+ Kxd7 29.Qd2+ Kc8
30.Be6+ Kb8 31.Bxe7 Rfe8 32.Bd6+ Ka8 33.Bd5 Qxa4 34.Rb1 Rb8 35.Bxb8 Rxb8
36.Bxb7+  1-0

[Event "TCh-SVK Extraliga 2010-11"]
[Site "Slovakia SVK"]
[Date "2011.02.19"]
[Round "5.8"]
[White "Kriebel,T"]
[Black "Bezuch,M"]
[Result "1-0"]
[WhiteElo "2321"]
[BlackElo "2198"]

1.e4 d6 2.d4 g6 3.Nc3 Bg7 4.f4 Nf6 5.Nf3 O-O 6.Be3 c6 7.h3 Nbd7 8.g4 b5 9.a3 Nb6
10.Qd2 a5 11.Bd3 Nc4 12.Bxc4 bxc4 13.Qe2 Ba6 14.O-O Nd7 15.Rad1 Qb8 16.Bc1 e6
17.e5 d5 18.f5 Re8 19.f6 Bf8 20.h4 c5 21.h5 cxd4 22.hxg6 hxg6 23.Qh2 Nxf6
24.Ng5 Nh5 25.gxh5 dxc3 26.hxg6 Qa7+ 27.Kg2 fxg6 28.Rf7 Qxf7 29.Nxf7 Ra7
30.Qh8+ Kxf7 31.Qh7+ Bg7 32.Rf1+  1-0

[Event "TCh-SVK Extraliga 2010-11"]
[Site "Slovakia SVK"]
[Date "2011.02.19"]
[Round "5.6"]
[White "Tropp,F"]
[Black "Petran,Pe"]
[Result "1/2-1/2"]
[WhiteElo "2080"]
[BlackElo "2330"]

1.e4 g6 2.d4 Bg7 3.Nc3 d6 4.f4 a6 5.Nf3 b5 6.a4 b4 7.Nd5 a5 8.c3 e6 9.Ne3 bxc3
10.bxc3 Ne7 11.Bd3 f5 12.O-O O-O 13.e5 d5 14.Ba3 Re8 15.c4 c6 16.c5 Ba6 17.Rb1 Qc8
18.Rb3 Nd7 19.Qe2 Bxd3 20.Qxd3 h6 21.Rfb1 Ra7 22.Bb2 Kf7 23.Bc3 Rg8 24.Qd2 Qa6
25.h4 Bf8 26.Kf2 Nc8 27.Qe2 Ke8 28.Qxa6 Rxa6 29.Rb7 Kd8 30.Nd2 Ne7 31.Nb3 Kc8
32.Nxa5 g5 33.hxg5 hxg5 34.g3 gxf4 35.gxf4 Ng6 36.Nxf5 Bxc5 37.dxc5 exf5
38.e6 Ngf8 39.Be5 Nxe6 40.Nxc6 Rxc6 41.Rb8+ Nxb8 42.Rxb8+ Kd7 43.Rxg8 Rxc5
44.Ra8 Nd8 45.Ra7+ Ke6 46.Rg7 Nf7 47.Rg6+ Ke7 48.Rf6 Nxe5 49.fxe5 Ra5 50.Rxf5 Rxa4
51.Ke3 Ke6 52.Rh5 Rg4 53.Kd3 Re4 54.Rg5 Rh4 55.Ke3 d4+ 56.Kd3 Kd5 57.e6+ Kxe6
58.Ra5  1/2-1/2

[Event "61st ch-RUS w 1st League"]
[Site "Ivanovo RUS"]
[Date "2011.02.21"]
[Round "1"]
[White "Tomilova,E"]
[Black "Makeeva,T"]
[Result "1-0"]
[WhiteElo "2315"]
[BlackElo "1992"]

1.d4 g6 2.e4 Bg7 3.Nc3 d6 4.f4 a6 5.Be3 b5 6.Bd3 Nf6 7.e5 Ng4 8.Qf3 Ra7 9.Nge2 Nxe3
10.Qxe3 O-O 11.O-O Nd7 12.Ne4 Nb6 13.Rad1 f5 14.Ng5 h6 15.Nf3 e6 16.c3 Ra8
17.h3 dxe5 18.Nxe5 Kh7 19.g4 Bb7 20.Qg3 Qe8 21.Kh2 Rd8 22.Rg1 Bxe5 23.dxe5 Nd5
24.gxf5 exf5 25.Nd4 Bc8 26.Rd2 c5 27.Nf3 Ne7 28.Rgd1 Bb7 29.Be2 Rxd2 30.Rxd2 Qc6
31.Qh4 Nd5 32.c4 Ne3 33.Rd6 Qe8 34.Ng5+  1-0

[Event "61st ch-RUS w 1st League"]
[Site "Ivanovo RUS"]
[Date "2011.02.22"]
[Round "2"]
[White "Belenkaya,D"]
[Black "Fominykh,M"]
[Result "1-0"]
[WhiteElo "2092"]
[BlackElo "2306"]

1.e4 d6 2.d4 g6 3.Nc3 Bg7 4.Be3 a6 5.Qd2 b5 6.f3 Bb7 7.a4 b4 8.Nd1 a5 9.c3 bxc3
10.bxc3 Nd7 11.Bc4 e6 12.Ne2 Ne7 13.O-O O-O 14.Bh6 d5 15.Bd3 Bxh6 16.Qxh6 dxe4
17.fxe4 Kh8 18.Ne3 Nc5 19.Bc2 Nxe4 20.Qf4 e5 21.Qxe5+ f6 22.Qf4 Ng5 23.h4 Nd5
24.Nxd5 Qxd5 25.Qh2 Ne4 26.Rae1 Nxc3 27.h5 Nxe2+ 28.Rxe2 g5 29.Qxc7 Rf7 30.Qb6 Ra6
31.Qb2 Re6 32.Ref2 Re3 33.h6 g4 34.Qb6 g3 35.Rf3  1-0

[Event "e2e4.org.uk Brighton Challengers C"]
[Site "Brighton ENG"]
[Date "2011.02.24"]
[Round "3"]
[White "Haria,R"]
[Black "Kennedy,C"]
[Result "1/2-1/2"]
[WhiteElo "1972"]
[BlackElo "2022"]

1.e4 g6 2.d4 Bg7 3.Nc3 d6 4.Be3 Nc6 5.Qd2 e5 6.Nge2 Nf6 7.h3 O-O 8.g3 exd4
9.Nxd4 Re8 10.Bg2 Ne5 11.b3 a6 12.a4 Bd7 13.O-O c5 14.Nde2 Bxh3 15.Rfd1 Bxg2
16.Kxg2 Qc8 17.Bg5 Qg4 18.Qf4 Qxf4 19.Nxf4 Nc6 20.f3 Nd4 21.Rd2 h6 22.Bxf6 Bxf6
23.Ncd5 Bd8 24.Rb1 b5 25.c3 Ne6 26.Ra1 Nxf4+ 27.Nxf4 b4 28.cxb4 Bf6  1/2-1/2

[Event "Lviv Talents FIDE open"]
[Site "Lviv UKR"]
[Date "2011.02.24"]
[Round "2.6"]
[White "Badik,M"]
[Black "Davymuka,Roman"]
[Result "0-1"]
[WhiteElo "1875"]
[BlackElo "2138"]

1.e4 g6 2.d4 Bg7 3.Nc3 d6 4.Be3 Nf6 5.h3 c6 6.Nf3 b5 7.e5 dxe5 8.dxe5 Qxd1+
9.Rxd1 Nfd7 10.Bf4 Nc5 11.Be3 Nbd7 12.Bxc5 Nxc5 13.Nd4 Bd7 14.f4 Ne6 15.Nxe6 Bxe6
16.g3 b4 17.Bg2 Rc8 18.Ne2 a5 19.Nd4 Bd5 20.Bxd5 cxd5 21.Nb5 Rxc2 22.Rxd5 O-O
23.Rd2 Rfc8 24.Rhh2 Rc1+ 25.Rd1 f6 26.e6 f5 27.Rd2 Bf6 28.Rxc1 Rxc1+ 29.Kf2 Kg7
30.b3 Rc5 31.Na7 Bc3 32.Re2 Bd4+ 33.Kg2 Kf6 34.g4 fxg4 35.hxg4 h5 36.gxh5 gxh5
37.Kg3 Rc3+ 38.Kh4 Bxa7 39.Kxh5 Be3 40.Kg4 Bd4 41.Rd2 Bc5 42.f5 Bd6 43.Rg2 Rd3  0-1

[Event "e2e4.org.uk Brighton Masters A"]
[Site "Brighton ENG"]
[Date "2011.02.25"]
[Round "4"]
[White "Lenier,J"]
[Black "Cherniaev,A1"]
[Result "1-0"]
[WhiteElo "2022"]
[BlackElo "2446"]

1.e4 g6 2.d4 Bg7 3.Nc3 d6 4.Be3 a6 5.Nf3 Nd7 6.a4 b6 7.Qd2 Bb7 8.h3 e6 9.Bd3 h6
10.O-O Ne7 11.Ne2 f5 12.Ng3 Nf6 13.exf5 Bxf3 14.gxf3 exf5 15.Rfe1 Kf7 16.c3 Qd7
17.h4 a5 18.Re2 Ned5 19.Bc4 c6 20.Rae1 Rae8 21.Bb3 Kg8 22.Qd3 Kh7 23.Bd2 Rxe2
24.Rxe2 Re8 25.Bc2 Rxe2 26.Nxe2 Bf8 27.Ng3 Ne8 28.h5 Ng7 29.hxg6+ Kxg6 30.Bc1 Qe6
31.Qd2 Kh7 32.Qd3 Qe1+ 33.Qf1 Qxf1+ 34.Kxf1 Kg6 35.Kg2 Be7 36.Kh3 Bg5 37.Bxg5 Kxg5
38.Ne2 Nf4+ 39.Nxf4 Kxf4 40.Kg2 Ne6 41.Bd1 Ng5 42.Be2 h5 43.Bd1 b5 44.d5 bxa4
45.dxc6 Ne6 46.Bxa4 Ke5 47.Kg3 d5 48.Kh4 Kd6 49.Kxh5 d4 50.cxd4 Nxd4 51.Kg5 Nxf3+
52.Kxf5 Nd2 53.f4 Nc4 54.b3 Ne3+ 55.Kg6 Nd5 56.f5 Ne7+ 57.Kg5 Nd5 58.Kg6 Ne7+
59.Kf6 Nd5+ 60.Kf7 Nc7 61.f6  1-0

[Event "e2e4.org.uk Brighton Masters A"]
[Site "Brighton ENG"]
[Date "2011.02.25"]
[Round "4"]
[White "Suarez Roa,J"]
[Black "Rudd,J"]
[Result "0-1"]
[WhiteElo "2207"]
[BlackElo "2297"]

1.e4 d6 2.d4 g6 3.Nc3 Bg7 4.g3 b6 5.Bg2 Bb7 6.Nge2 e6 7.Be3 Ne7 8.Qd2 h6
9.O-O Nd7 10.a4 a6 11.Rad1 Qc8 12.h3 Nf6 13.Rfe1 d5 14.exd5 Nfxd5 15.Nxd5 Nxd5
16.Nf4 Nxe3 17.Qxe3 Bxg2 18.Kxg2 O-O 19.Qe4 c6 20.Nd3 Qc7 21.b3 Qd6 22.Ne5 Rac8
23.Nc4 Qc7 24.Rd3 Rfd8 25.h4 h5 26.Red1 b5 27.axb5 cxb5 28.Ne3 Rd6 29.c4 Rcd8
30.c5 R6d7 31.b4 Re7 32.Qf3 Qc8 33.d5 e5 34.d6 e4 35.dxe7 exf3+ 36.Kh2 Rxd3
37.Rxd3 Bf6 38.Nd5 Bxh4 39.Nb6 Qe8 40.Rd8 Qxd8 41.exd8=Q+ Bxd8 42.Nd5 a5
43.bxa5 Bxa5 44.c6 f5 45.c7 Bxc7 46.Nxc7 b4 47.Nd5 b3 48.Kg1 b2 49.Nc3 g5
50.Kf1 Kf7 51.Ke1 Ke6 52.Kd2 Ke5 53.Ke3 g4 54.Kd2 f4 55.gxf4+ Kxf4  0-1

[Event "61st ch-RUS w 1st League"]
[Site "Ivanovo RUS"]
[Date "2011.02.25"]
[Round "5"]
[White "Kindinova,E"]
[Black "Makeeva,T"]
[Result "1-0"]
[WhiteElo "2188"]
[BlackElo "1992"]

1.e4 g6 2.d4 Bg7 3.Nc3 d6 4.g3 a6 5.Bg2 Nc6 6.Nge2 e5 7.Be3 Bg4 8.f3 Bd7
9.O-O h5 10.Qd2 Nh6 11.Rae1 Qc8 12.Nd5 Qd8 13.b3 h4 14.g4 Ng8 15.h3 Nce7
16.dxe5 dxe5 17.f4 f5 18.exf5 gxf5 19.fxe5 Bxe5 20.Bd4 Bxd4+ 21.Nxd4 c6 22.Nxe7 Nxe7
23.Qg5 Kf7 24.gxf5 c5 25.f6  1-0

[Event "Bunratty Masters"]
[Site "Bunratty IRL"]
[Date "2011.02.26"]
[Round "3"]
[White "Freeman,G"]
[Black "Porter,Liam"]
[Result "1-0"]
[WhiteElo "2132"]
[BlackElo "1983"]

1.d4 g6 2.e4 Bg7 3.Nc3 d6 4.h3 Nc6 5.d5 Nd4 6.Be3 c5 7.Qd2 Qa5 8.Nge2 Qb4
9.Rb1 Nxe2 10.Bxe2 Bxc3 11.Qxc3 Nf6 12.Qxb4 cxb4 13.Bd4 O-O 14.Bxf6 exf6
15.Bd3 b6 16.Kd2 Bb7 17.g4 Kg7 18.Rhg1 Rfc8 19.Ra1 Rc7 20.a3 bxa3 21.Rxa3 Bc8
22.Rga1 Kf8 23.Bb5 Bd7 24.Bxd7 Rxd7 25.Ra6 Rb7 26.Kd3 Ke7 27.c4 f5 28.exf5 gxf5
29.gxf5 b5 30.f6+ Kd7 31.cxb5 Rxb5 32.Rxa7+ Rxa7 33.Rxa7+ Ke8 34.Re7+ Kf8
35.Rd7 Ke8 36.Re7+ Kf8 37.Rc7 Ke8 38.Kc3 Rxd5 39.b4 Rh5 40.Re7+ Kf8 41.Rd7 Ke8
42.Rxd6 Rxh3+ 43.Kc4 Rh1 44.b5 h5 45.b6 Rc1+ 46.Kb5 Rb1+ 47.Ka6 Ra1+ 48.Kb7 h4
49.Kc7 Rc1+ 50.Rc6  1-0

[Event "61st ch-RUS w 1st League"]
[Site "Ivanovo RUS"]
[Date "2011.02.26"]
[Round "6"]
[White "Drogovoz,I"]
[Black "Chudinovskikh,Z"]
[Result "1-0"]
[WhiteElo "1789"]
[BlackElo "2105"]

1.e4 d6 2.d4 g6 3.Nc3 Bg7 4.Be3 Nd7 5.Nf3 e5 6.h3 Ne7 7.Qd2 Nc6 8.O-O-O O-O
9.Bh6 Nxd4 10.Bxg7 Kxg7 11.Nxd4 exd4 12.Qxd4+ f6 13.g4 Ne5 14.Nd5 Be6 15.f4 Nc6
16.Qc3 Bxd5 17.Rxd5 Qe7 18.Bg2 a5 19.a3 Ra6 20.Rhd1 Nb8 21.Rxa5 Rc6 22.Qd4 Rb6
23.Rd5 Nc6 24.Qc3 Qf7 25.Qe3 Ne7 26.R5d3 Nc6 27.Rxd6 Qa2 28.Rd7+ Kg8 29.Qc3 Qa1+
30.Kd2 Qa2 31.e5 Qxb2 32.Qxb2 Rxb2 33.Bd5+ Kh8 34.Bb3 fxe5 35.Kc3 Rxb3+ 36.cxb3 exf4
37.Rxc7 Re8 38.Rdd7 Re3+ 39.Kd2 Re8 40.Rxh7+ Kg8 41.Rxb7 Kf8 42.Rbc7 Ne7
43.Rcxe7 Rxe7 44.Rxe7 Kxe7 45.h4 Ke6 46.Ke2  1-0